Sports Quiz

Random Sports Quiz

2013 UCI RWC Men's RR Top 20 Quiz Stats

 Plays Quiz not verified by Sporcle

Challenge
Share
Tweet
Embed
Score 0/20 Timer 06:00
0 Plays Today
Country Name % Correct
PortugalRui Costa
100%
SpainAlejandro Valverde
90%
SpainJoaquim Rodriguez
80%
ItalyVincenzo Nibali
76.7%
SlovakiaPeter Sagan
73.3%
SwitzerlandFabian Cancellara
60%
NorwayEdvald Boasson Hagen
43.3%
ColombiaSergio Henao
40%
KazakhstanMaxim Iglinsky
36.7%
NetherlandsBauke Mollema
36.7%
Country Name % Correct
AustraliaSimon Clarke
33.3%
ItalyMichele Scarponi
33.3%
BelgiumPhillipe Gilbert
26.7%
NorwayLars Petter Nordhaug
26.7%
UkraineAndriy Hryvko
23.3%
SpainDaniel Moreno
23.3%
GermanySimon Geschke
23.3%
ItalyFilippo Pozzato
13.3%
FranceArthur Vichot
10%
PolandMaciej Paterski
10%

You're not logged in!

Compare scores with friends on all Sporcle quizzes.
Join for Free
OR
Log In

You Might Also Like...

Show Comments

Extras

Top Quizzes Today


Score Distribution

Your Account Isn't Verified!

In order to create a playlist on Sporcle, you need to verify the email address you used during registration. Go to your Sporcle Settings to finish the process.

Report this User

Report this user for behavior that violates our Community Guidelines.

Details: